[Event "RUS-ch"]
[Site "Elista"]
[Date "1995.??.??"]
[Round "6"]
[White "Vyzmanavin, Alexey"]
[Black "Lugovoi, Aleksei"]
[Result "1/2-1/2"]
[WhiteElo "2605"]
[BlackElo "2490"]

1.d4 Nf6 2.c4 e6 3.Nf3 Bb4+ 4.Bd2 Qe7 5.g3 Nc6 6.Nc3 Bxc3 7.Bxc3 Ne4 8.Rc1 O-O
9.Bg2 d6 10.d5 Nd8 11.O-O Nxc3 12.Rxc3 e5 13.Nd2 f5 14.c5 Nf7 15.cxd6 cxd6
16.Qb3 b6 17.Rfc1 Bd7 18.Rc7 Rfc8 19.Qa3 Qd8 20.Rxc8 Bxc8 21.Nc4 Bb7 22.Rc3 e4
23.Ne3 g6 24.f3 exf3 25.exf3 Qe7 26.f4 Rc8 27.Rxc8+ Bxc8 28.Qc3 Bd7 29.Nc2 Qe2
30.Nd4 Qd1+ 31.Kf2 Kf8 32.Bf3 Qb1 33.a3 a5 34.Qb3 b5 35.Nc6 g5 36.Qxb5 gxf4
37.gxf4 Qc1 38.Qe2 Bxc6 39.dxc6 Qxf4 40.c7 Qc1 41.Qe6 Qxc7 42.Qxf5 Qb6+ 43.Kg3 Qg1+
44.Bg2 Qe3+ 45.Bf3 Qg1+ 46.Bg2  1/2-1/2

[Event "Catalunya-chT"]
[Site "ESP"]
[Date "1995.??.??"]
[Round "?"]
[White "Oms Pallise, Josep"]
[Black "Pisa Ferrer, Jose"]
[Result "1-0"]
[WhiteElo "2350"]
[BlackElo "2355"]

1.d4 e6 2.Nf3 Nf6 3.c4 Bb4+ 4.Bd2 Qe7 5.g3 O-O 6.Nc3 d6 7.Bg2 c6 8.O-O e5
9.Qc2 Nbd7 10.e4 Re8 11.Rfe1 exd4 12.Nxd4 Ne5 13.Nf5 Qc7 14.Bg5 Bxf5 15.exf5 Nfd7
16.a3 Ba5 17.b4 Bb6 18.Ne4 f6 19.Bf4 Bd4 20.Rad1 c5 21.Nc3 Nb6 22.Nb5 Qd7
23.Be3 Kh8 24.Nxd4 cxd4 25.Rxd4 Rac8 26.c5 Qf7 27.Rxd6 Nbc4 28.Rd4 Nxa3 29.Qa4 Nac4
30.Bd5 Qh5 31.Rxc4 Nxc4 32.Bxc4 Qxf5 33.Qxa7 Qe4 34.Qa2 f5 35.Qe2 Rcd8 36.Bb5 Re6
37.Bg5 Rd4 38.Qxe4 Rexe4 39.Rxe4 fxe4 40.Be3 Rxb4 41.Bd7 Kg8 42.g4 Kf7 43.g5 Ke7
44.Bf5 g6 45.Bh3  1-0

[Event "Catalunya-chT"]
[Site "ESP"]
[Date "1995.??.??"]
[Round "?"]
[White "Garcia Ilundain, David"]
[Black "Rosich, Alfred"]
[Result "1/2-1/2"]
[WhiteElo "2485"]
[BlackElo "2250"]

1.d4 Nf6 2.Nf3 e6 3.c4 Bb4+ 4.Bd2 Qe7 5.g3 O-O 6.Bg2 Bxd2+ 7.Qxd2 d6 8.O-O e5
9.Nc3 Re8 10.e3 c6 11.Ng5 Na6 12.f4 exd4 13.exd4 Bf5 14.Rae1 Qd7 15.a3 Nc7
16.b4 h6 17.Nf3 Bh3 18.Qd3 Bf5 19.Qd2 Bh3 20.a4 Be6 21.d5 cxd5 22.Nd4 Bh3
23.cxd5 Bxg2 24.Qxg2  1/2-1/2

[Event "FIN-chT"]
[Site "FIN"]
[Date "1995.??.??"]
[Round "?"]
[White "Kanko, Ilkka"]
[Black "Lehtivaara, Petri"]
[Result "0-1"]
[WhiteElo "2345"]
[BlackElo "2290"]

1.d4 e6 2.c4 Nf6 3.Nf3 Bb4+ 4.Bd2 a5 5.e3 Nc6 6.Be2 d6 7.O-O Bxd2 8.Nfxd2 e5
9.d5 Ne7 10.Nc3 Bd7 11.e4 Ng6 12.g3 Bh3 13.Re1 h5 14.Bf1 Qc8 15.Nb5 h4 16.c5 Bxf1
17.Nxf1 hxg3 18.fxg3 O-O 19.Rc1 dxc5 20.Rxc5 c6 21.dxc6 bxc6 22.Rc2 Rd8 23.Qf3 Qb7
24.Nc3 Nf8 25.Ne3 Ne6 26.Nf5 Nd4 27.Nxd4 Rxd4 28.Rf2 Rad8 29.Qf5 Rd2 30.Nd5 Rxf2
31.Nxf6+ gxf6 32.Qxf2 Qb4 33.Rf1 Rd2 34.Qxf6 Qd4+ 35.Rf2 Rd1+ 36.Kg2 Qxe4+
37.Qf3 Qd5 38.h4 Rd3 39.Qxd5 cxd5 40.Rc2 Kg7 41.Kf2 Kg6 42.Rc5 a4 43.Ke2 Rxg3
44.Rxd5 Kf5 45.Ra5 Rg4 46.h5 Rb4 47.Kd3 Rxb2 48.Rxa4 Rh2 49.Ra7 f6 50.a4 Rxh5
51.a5 Rh3+ 52.Kc4 Ra3 53.Kb4 Ra1 54.Re7 Ke4 55.Kb5 f5 56.a6 f4 57.a7 f3 58.Rc7 f2
59.Rf7 Ke3  0-1

[Event "Frydek-Mistek op"]
[Site "Frydek-Mistek"]
[Date "1995.??.??"]
[Round "?"]
[White "Istvandi, Lajos"]
[Black "Sulskis, Sarunas"]
[Result "1/2-1/2"]
[WhiteElo "2335"]
[BlackElo "2470"]

1.d4 Nf6 2.c4 e6 3.Nf3 Bb4+ 4.Bd2 a5 5.g3 b6 6.Bg2 Bb7 7.O-O O-O 8.a3 Bxd2
9.Nbxd2 c5 10.Qc2 Nc6 11.Ne4 Nxe4 12.Qxe4 cxd4 13.Nxd4 a4 14.Rfd1 Na5 15.Qd3 Bxg2
16.Kxg2 Rc8 17.Rac1 d5 18.cxd5 Rxc1 19.Rxc1 Qxd5+ 20.Kg1 h6 21.Qc3 Rd8 22.e3 e5
23.Nc6 Nxc6 24.Qxc6 Qb3 25.Qc7 Rd1+ 26.Rxd1 Qxd1+ 27.Kg2 Qd5+ 28.Kg1 e4 29.Qxb6 Qd1+  1/2-1/2

[Event "Troll Masters"]
[Site "Gausdal"]
[Date "1995.??.??"]
[Round "1"]
[White "Engqvist, Thomas"]
[Black "Giddins, Stephen"]
[Result "1-0"]
[WhiteElo "2415"]
[BlackElo "2290"]

1.d4 e6 2.c4 Nf6 3.Nf3 Bb4+ 4.Bd2 Qe7 5.g3 Nc6 6.Bg2 Bxd2+ 7.Nbxd2 d6 8.O-O a5
9.e4 e5 10.d5 Nb8 11.Ne1 O-O 12.Nd3 Na6 13.b3 c6 14.f4 Nd7 15.a3 Ndc5 16.Nxc5 Nxc5
17.b4 Na6 18.Qb3 axb4 19.axb4 Bd7 20.Rae1 c5 21.fxe5 dxe5 22.b5 Nb4 23.Ra1 Bg4
24.Qc3 h5 25.Bf3 Bh3 26.Rfe1 Qg5 27.Bg2 Bg4 28.h3 Bd7 29.Nf3 Qxg3 30.Qxe5 Qg6
31.Qc3 Qg3 32.Qe5 Qg6 33.Nh4 Qh6 34.Rxa8 Rxa8 35.Qc7 Nc2 36.Rf1 Ne3 37.Qxb7 Ra2
38.Qxd7 Qg5 39.Qxf7+ Kh7 40.Qf3 Nxf1 41.Qf5+ Qxf5 42.Nxf5 Nd2 43.Ne3 Kg8
44.e5 Kf7 45.d6 Ke6 46.Bd5+ Kd7 47.e6+  1-0

[Event "Arnold Cup"]
[Site "Gausdal"]
[Date "1995.??.??"]
[Round "2"]
[White "Johansson, Per"]
[Black "Giddins, Stephen"]
[Result "0-1"]
[WhiteElo "2185"]
[BlackElo "2290"]

1.d4 e6 2.c4 Nf6 3.Nf3 Bb4+ 4.Bd2 Qe7 5.g3 Nc6 6.Bg2 Bxd2+ 7.Nbxd2 d6 8.O-O a5
9.e4 e5 10.d5 Nb8 11.Ne1 O-O 12.Nd3 Na6 13.b3 c6 14.a3 Bg4 15.f3 Bd7 16.Rc1 Rfc8
17.dxc6 Bxc6 18.a4 Nd7 19.Nb1 Ndc5 20.Nxc5 Nxc5 21.Nc3 Rf8 22.Qc2 Ne6 23.Ne2 Qc7
24.Rfd1 Rad8 25.Bh3 Ng5 26.Bg2 f5 27.Nc3 fxe4 28.Nxe4 Bxe4 29.fxe4 Ne6 30.Qd3 Qc5+
31.Kh1 Nd4 32.Rf1 b6 33.Qe3 h6 34.h3 Rxf1+ 35.Rxf1 Rf8 36.Rb1 Qa3 37.Rd1 Qb2
38.Rd2 Qc1+ 39.Kh2 Rf3  0-1

[Event "Troll Masters"]
[Site "Gausdal"]
[Date "1995.??.??"]
[Round "6"]
[White "Giddins, Stephen"]
[Black "Gretarsson, Helgi Ass"]
[Result "1/2-1/2"]
[WhiteElo "2290"]
[BlackElo "2450"]

1.d4 e6 2.c4 Nf6 3.Nf3 Bb4+ 4.Bd2 Qe7 5.g3 Nc6 6.Bg2 Bxd2+ 7.Qxd2 Ne4 8.Qc2 Qb4+
9.Nc3 Nxc3 10.Qxc3 Qxc3+ 11.bxc3 Na5 12.Nd2 Rb8 13.O-O  1/2-1/2

[Event "Geneve op"]
[Site "Geneve"]
[Date "1995.??.??"]
[Round "3"]
[White "Mikavica, Mirko"]
[Black "Anka, Emil"]
[Result "0-1"]
[WhiteElo "2245"]
[BlackElo "2410"]

1.d4 Nf6 2.c4 e6 3.Nf3 Bb4+ 4.Bd2 Qe7 5.a3 Bxd2+ 6.Nbxd2 a5 7.g3 a4 8.Bg2 d6
9.O-O e5 10.e4 O-O 11.Qc2 Nc6 12.d5 Nb8 13.Nh4 Bd7 14.h3 Na6 15.Nf5 Bxf5
16.exf5 Nc5 17.Rae1 Qd7 18.g4 g5 19.fxg6 fxg6 20.f4 exf4 21.Rxf4 Rae8 22.Ref1 Qe7
23.Qc3 Nfd7 24.Rxf8+ Rxf8 25.Nf3 Ne5 26.Nd4 Rxf1+ 27.Bxf1 Qg5 28.Ne6 Nxe6
29.dxe6 Qf4 30.Bg2 b6 31.b4 axb3 32.Qxb3 Kf8 33.Qa4 Qxc4 34.Qa8+ Ke7 35.Qc8 g5
36.a4 h6 37.Kh2 Qc1 38.Qg8 c6 39.Qg7+ Kxe6 40.Qxh6+ Kd7 41.Qg7+ Kc8 42.Qa7 Qf4+
43.Kh1 d5 44.Qa8+ Kd7 45.Qb7+ Ke6 46.Qxb6 Qxa4 47.Qd8 Qf4 48.Qe8+ Kd6 49.Qb8+ Ke7
50.Qc7+ Ke6 51.Qc8+ Kf7 52.Qc7+ Kg6 53.Qb8 Qf6 54.Qg8+ Kh6 55.Qe8 Ng6 56.Kg1 Qd4+
57.Kf1 c5 58.Qc6 Qd3+ 59.Kf2 Qd2+ 60.Kf1 Qf4+ 61.Kg1 d4 62.Qxc5 d3 63.Qd5 Qe3+
64.Kh2 d2 65.Bf3 Qf2+ 66.Kh1 Qf1+ 67.Kh2 Qxh3+ 68.Kxh3 Nf4+ 69.Kg3 Nxd5 70.Kf2 Nc3
71.Ke3 d1=Q  0-1

[Event "Geneve op"]
[Site "Geneve"]
[Date "1995.??.??"]
[Round "5"]
[White "Khenkin, Igor"]
[Black "Anka, Emil"]
[Result "1-0"]
[WhiteElo "2530"]
[BlackElo "2410"]

1.d4 Nf6 2.c4 e6 3.Nf3 Bb4+ 4.Bd2 Qe7 5.g3 Nc6 6.Nc3 Bxc3 7.Bxc3 Ne4 8.Rc1 d6
9.d5 Nxc3 10.Rxc3 Nb8 11.dxe6 fxe6 12.Bg2 a5 13.O-O Nd7 14.Nd4 Nc5 15.Qd2 e5
16.Nb3 Ne6 17.c5 O-O 18.cxd6 cxd6 19.Nxa5 Nd4 20.Nb3 Kh8 21.Nxd4 exd4 22.Qxd4 Rxa2
23.Rfc1 Be6 24.Rc7 Qf6 25.Qxf6 gxf6 26.Rxb7  1-0

[Event "Geneve op"]
[Site "Geneve"]
[Date "1995.??.??"]
[Round "8"]
[White "Razuvaev, Yuri S"]
[Black "Spraggett, Kevin"]
[Result "1/2-1/2"]
[WhiteElo "2580"]
[BlackElo "2520"]

1.d4 Nf6 2.c4 e6 3.Nf3 Bb4+ 4.Bd2 a5 5.g3 b6 6.Bg2 Bb7 7.O-O O-O 8.Bf4 Be7
9.Nc3 d5 10.cxd5 exd5 11.Qc2  1/2-1/2

[Event "OL-SW 9596"]
[Site "GER"]
[Date "1995.??.??"]
[Round "?"]
[White "Hammes, Michael"]
[Black "Spiegel, Stefan"]
[Result "0-1"]
[WhiteElo "2255"]
[BlackElo "2255"]

1.d4 Nf6 2.c4 e6 3.Nf3 Bb4+ 4.Bd2 Qe7 5.g3 Nc6 6.Nc3 Bxc3 7.Bxc3 Ne4 8.Rc1 O-O
9.Bg2 d6 10.O-O Nxc3 11.Rxc3 e5 12.d5 Nb8 13.b4 a5 14.a3 Na6 15.Qb3 axb4
16.axb4 Bd7 17.Rfc1 c5 18.dxc6 bxc6 19.Ne1 Rfb8 20.b5 Nc5 21.Qd1 e4 22.bxc6 Bxc6
23.Nc2 Ra2 24.Rb1 Rab2 25.Rxb2 Rxb2 26.Nd4 Ba4 27.Qc1 Rb4 28.h4 Qe5 29.Qd2 Rb1+
30.Kh2 Rd1 31.Qxd1 Bxd1 32.e3 g6 33.Ra3 Ba4 34.Ra2 Bb3 35.Ra8+ Kg7 36.Bf1 Qf6
37.Kg1 Nd3 38.Bxd3 exd3 39.Nxb3 Qb2  0-1

[Event "BL2-N9495"]
[Site "Germany"]
[Date "1995.??.??"]
[Round "?"]
[White "Lieb, Harald"]
[Black "Babic, Dragojle"]
[Result "0-1"]
[WhiteElo "2225"]
[BlackElo "2295"]

1.d4 Nf6 2.c4 e6 3.Nf3 Bb4+ 4.Bd2 Be7 5.Nc3 d5 6.g3 O-O 7.Bg2 Ne4 8.O-O Nxc3
9.Bxc3 b6 10.Ne5 Bb7 11.cxd5 exd5 12.Qa4 Qd6 13.Rad1 Bf6 14.Ng4 Be7 15.Qb3 a5
16.Ne3 a4 17.Qc2 g6 18.a3 Qe6 19.Bf3 Nd7 20.Bb4 Bxb4 21.Qxc7 Bxa3 22.bxa3 Bc6
23.Rc1 Rac8 24.Qf4 Nf6 25.Rc3 Kg7 26.Rfc1 Rfe8 27.g4 Bd7 28.g5 Ne4 29.Rxc8 Rxc8
30.Rxc8 Bxc8 31.Bg4 Qc6 32.Bxc8 Qxc8 33.Nxd5 Qe6 34.Ne3 Nc3 35.Kf1 Qa2 36.Qe5+ Kf8
37.Kg2 Nxe2 38.Qb8+ Kg7 39.Qxb6 Nf4+ 40.Kf3 Ne6 41.h4 Qxa3 42.d5 Qc5 43.Qb8 Nd4+
44.Ke4 Nf5 45.Qe5+ Kf8 46.Qb8+ Kg7 47.Qb2+ Kf8 48.Nxf5 gxf5+ 49.Ke5 a3 50.Qb3 Qa7
51.Qa2 Qb8+ 52.Kxf5 Qb2 53.Qc4 a2 54.Qc5+ Kg8 55.h5 h6 56.g6 a1=Q 57.gxf7+ Kh7
58.f8=Q Qe5+ 59.Kg4 Qg1+ 60.Kf3 Qh1+  0-1

[Event "BL2-N9495"]
[Site "Germany"]
[Date "1995.??.??"]
[Round "?"]
[White "Paulsen, Dirk"]
[Black "Pritchett, Craig William"]
[Result "1/2-1/2"]
[WhiteElo "2315"]
[BlackElo "2345"]

1.d4 Nf6 2.c4 e6 3.Nf3 Bb4+ 4.Bd2 Qe7 5.g3 Nc6 6.Bg2 Bxd2+ 7.Nbxd2 d6 8.Nb1 O-O
9.Nc3 d5 10.Rc1 Rd8 11.cxd5 exd5 12.O-O Bg4 13.Qa4 a6 14.e3 h6 15.a3 Qe6
16.Ne1 Qf5 17.Qc2 Qxc2 18.Nxc2 Na5 19.f3 Be6 20.Rfe1 Nb3 21.Rcd1 Nd7 22.h3 Nb6
23.e4 c6 24.e5 Nc4 25.Ne3 Nxe3 26.Rxe3 c5 27.Ne2 Nxd4 28.Nxd4 cxd4 29.Rxd4 Rac8
30.Red3 Rc2 31.Rd2 Rxd2 32.Rxd2 d4 33.f4 b5 34.Kf2 a5 35.h4 h5 36.Be4 g6
37.Rc2 Bc4 38.Ke1 f5 39.Bf3 Kf7 40.Kd2 a4 41.Rc1 Ke6  1/2-1/2

[Event "BL2-O9495"]
[Site "Germany"]
[Date "1995.??.??"]
[Round "?"]
[White "Alber, Horst"]
[Black "Kosten, Anthony C"]
[Result "0-1"]
[WhiteElo "2290"]
[BlackElo "2510"]

1.d4 Nf6 2.c4 e6 3.Nf3 Bb4+ 4.Bd2 a5 5.g3 d5 6.Bg2 O-O 7.O-O dxc4 8.Qc2 b5
9.a4 Bxd2 10.Nbxd2 c6 11.b3 cxb3 12.Nxb3 Ba6 13.Nc5 Nd5 14.e4 Nb4 15.Qe2 bxa4
16.Nxa6 N8xa6 17.Rfd1 Qb6 18.Rxa4 c5 19.d5 exd5 20.exd5 Rad8 21.Qc4 Nc7 22.Ng5 h6
23.Ne4 Ncxd5 24.Qxc5 f5 25.Nf6+ Rxf6 26.Bxd5+ Nxd5 27.Rxd5 Qb1+ 28.Kg2 Qb7  0-1

[Event "BL2-O9495"]
[Site "Germany"]
[Date "1995.??.??"]
[Round "?"]
[White "Kunze, Carlo"]
[Black "Gnauk, Reinhard"]
[Result "1/2-1/2"]
[WhiteElo "2335"]
[BlackElo "2245"]

1.d4 Nf6 2.c4 e6 3.Nf3 Bb4+ 4.Bd2 Bxd2+ 5.Nbxd2 d5 6.e3 Nbd7 7.Rc1 O-O 8.Bd3 dxc4
9.Nxc4 c5 10.O-O cxd4 11.Nxd4 Nb6 12.Qb3 Nxc4 13.Bxc4 Qa5 14.Rfd1 Bd7 15.Qxb7 Rab8
16.Nc6 Bxc6 17.Qxc6 Rxb2 18.h3 h6 19.Bb3 Rd2 20.Qb7 Rxd1+ 21.Rxd1 Qc5 22.Qa6 Rb8
23.Qd6 Qxd6 24.Rxd6 Kf8 25.f3 Ke7 26.Rc6 Kd8 27.Kf2 Rb6 28.Rc2 Nd7 29.f4 Rd6
30.Kf3 Nb6 31.Rc5 Rd7 32.g4 Rc7 33.Ra5 Ke7 34.h4 Nd7 35.Rb5 Nc5 36.Bd1 Nd7
37.Be2 Kd6 38.Rb2 Nb6 39.g5 hxg5 40.hxg5 Rc3 41.Kf2 Ra3 42.Rd2+ Ke7 43.Bb5 f6
44.gxf6+ Kxf6 45.Bc6 Nc4 46.Re2 Kf5 47.Bd7 Nb6 48.Bc6 e5 49.fxe5 Nc4 50.Bd5 Nxe5
51.Bb3 Ke4 52.Bc2+ Nd3+ 53.Bxd3+ Rxd3 54.Rb2 Ra3 55.Rb4+ Kf5 56.Rb2 g5 57.Kf3 g4+
58.Kf2 Kg5 59.Re2 Kh4 60.Kg2 Kg5 61.Kf2 a5 62.Kg2 a4 63.e4 Kf6 64.e5+ Ke6
65.Kf2 Rc3 66.Kg2 a3 67.Kf2 Rc1 68.Kg3 Rg1+ 69.Kf4 g3 70.Kf3 g2 71.Kf2 Rb1
72.Kxg2 Rb2 73.Kf3 Rxe2 74.Kxe2 Kxe5  1/2-1/2

[Event "Landesliga S9596 Bayern"]
[Site "Germany"]
[Date "1995.??.??"]
[Round "?"]
[White "Terzic, Safet"]
[Black "Lechtynsky, Jiri"]
[Result "1/2-1/2"]
[WhiteElo "2305"]
[BlackElo "2435"]

1.d4 Nf6 2.c4 e6 3.Nf3 Bb4+ 4.Bd2 Qe7 5.g3 Nc6 6.Bg2 O-O 7.O-O Bxd2 8.Qxd2 d6
9.Nc3 a5 10.e4 e5 11.h3 a4 12.b3 axb3 13.axb3 Bd7 14.dxe5 Nxe5 15.Nd4 Rfe8
16.f4 Nc6 17.Ndb5 Rxa1 18.Rxa1 Qd8 19.g4 h6 20.Rd1 Be6 21.e5 dxe5 22.Bxc6 Qxd2
23.Rxd2 bxc6 24.Nxc7 Re7 25.Rd8+ Kh7 26.Nxe6 Rxe6 27.fxe5 Rxe5 28.Kf2 h5  1/2-1/2

[Event "Oberliga Nord O9596"]
[Site "Germany"]
[Date "1995.??.??"]
[Round "?"]
[White "Mueller, Michael"]
[Black "Sprotte, Norbert"]
[Result "1/2-1/2"]
[WhiteElo "2325"]
[BlackElo "2250"]

1.d4 Nf6 2.c4 e6 3.Nf3 Bb4+ 4.Bd2 a5 5.g3 d6 6.Bg2 Nc6 7.O-O Bxd2 8.Qxd2 O-O
9.Nc3 e5 10.dxe5 Nxe5 11.Nxe5 dxe5 12.Qxd8 Rxd8 13.Rad1 Rf8 14.Rd2 c6 15.Rfd1 a4
16.Rd8 Be6 17.Rxa8 Rxa8 18.Nxa4 g6 19.b3 Bxc4 20.Rd2 Bd5 21.Nb6 Ra5 22.Nxd5 Nxd5
23.a4 Kg7 24.e4 Nf6 25.f3 b5 26.axb5 Rxb5 27.Rd3 Rc5 28.Bf1 Kf8 29.Kf2 Rc2+
30.Be2 Ke7 31.Ke3 Nd7 32.Rd2 Rc3+ 33.Rd3 Rc1 34.Rd1 Rxd1 35.Bxd1 Nc5 36.Kd2 Ne6
37.Kc3 Kd6 38.Kc4 Nd4 39.b4 f6 40.h4 h6 41.f4 g5 42.f5 Nb5 43.Ba4 Nd4 44.Bd1  1/2-1/2

[Event "BL2-S9495"]
[Site "Germany"]
[Date "1995.??.??"]
[Round "?"]
[White "Mandel, Andreas"]
[Black "Zlochevskij, Alexander"]
[Result "1/2-1/2"]
[WhiteElo "2370"]
[BlackElo "2505"]

1.d4 e6 2.Nf3 Nf6 3.c4 Bb4+ 4.Bd2 a5 5.g3 d5 6.Bg2 dxc4 7.Qc2 b5 8.a4 c6
9.O-O O-O 10.Nc3 Qb6 11.e4 Be7 12.e5 Nd5 13.Bg5 Ra7 14.Bxe7 Nxe7 15.Ng5 Ng6  1/2-1/2

[Event "NRW-Liga I 9495"]
[Site "Germany"]
[Date "1995.??.??"]
[Round "?"]
[White "Molinaroli, Martin"]
[Black "Schoenthier, Frank"]
[Result "1/2-1/2"]
[WhiteElo "2280"]
[BlackElo "2360"]

1.Nf3 Nf6 2.d4 e6 3.c4 Bb4+ 4.Bd2 c5 5.Bxb4 cxb4 6.Nbd2 d6 7.e3 O-O 8.Bd3 b6
9.O-O Bb7 10.Qc2 Nbd7 11.a3 bxa3 12.Rxa3 a5 13.Rfa1 Qc7 14.Ng5 h6 15.Nge4 Rfc8
16.Rc3 Qb8 17.Nxf6+ Nxf6 18.Ne4 Nxe4 19.Bxe4 Bxe4 20.Qxe4 Ra7 21.Rac1 Rac7
22.h4 b5 23.cxb5 Rxc3 24.Rxc3 Rxc3 25.bxc3 Qxb5 26.Qa8+ Kh7 27.c4  1/2-1/2

[Event "Oberliga Ost C9495"]
[Site "Germany"]
[Date "1995.??.??"]
[Round "?"]
[White "Schaefer, Michael"]
[Black "Wege, Jochen"]
[Result "1/2-1/2"]
[WhiteElo "2205"]
[BlackElo "2200"]

1.d4 Nf6 2.Nf3 e6 3.c4 Bb4+ 4.Bd2 Qe7 5.g3 O-O 6.Bg2 a5 7.O-O Bxd2 8.Qxd2 d6
9.Nc3 Nbd7 10.e4 e5 11.h3 g6 12.Rfe1 Kg7 13.Rad1 Re8 14.b3 h6 15.Qb2 Kh7
16.Nb5 Nb8 17.a3 b6 18.b4 Bb7 19.Nc3 Nfd7 20.Nd5 Qd8 21.dxe5 dxe5 22.h4 axb4
23.axb4 Bxd5 24.Rxd5 Qe7 25.Red1 Ra4 26.Qd2 Rxb4 27.Rxd7 Nxd7 28.Qxd7 Rxc4  1/2-1/2

[Event "BL2-W9495"]
[Site "Germany"]
[Date "1995.??.??"]
[Round "?"]
[White "Schlecht, Daniel"]
[Black "Klein, Volker"]
[Result "1/2-1/2"]
[WhiteElo "2220"]
[BlackElo "2220"]

1.d4 Nf6 2.c4 e6 3.Nf3 Bb4+ 4.Bd2 Qe7 5.g3 Nc6 6.Bg2 Bxd2+ 7.Nbxd2 d6 8.O-O O-O
9.e4 e5 10.d5 Nb8 11.Ne1 a5 12.Nd3 Na6 13.a3 Bg4 14.f3 Bd7 15.b4 axb4 16.axb4 c6
17.dxc6 bxc6 18.Qb3 Nc7 19.Qc3 Ne6 20.Nb3 Rxa1 21.Rxa1 Bc8 22.c5 Nd7 23.f4 exf4
24.gxf4 dxc5 25.bxc5 Qh4 26.Qd2 Rd8 27.Qf2 Qxf2+ 28.Kxf2 Nb8 29.Ke3 Ba6 30.Nb2 Nc7
31.Bh3 Kf8 32.Bg4 Ke7 33.h4 Nb5 34.Be2 Nc7 35.Bg4 Nb5 36.Be2 Nc7 37.Bxa6 Ncxa6
38.Nd3 f6 39.Nd4 Nc7 40.Nb4 Kd7 41.Rd1 Ke8 42.Rg1 Rd7 43.Ra1 Kf7 44.f5 g6
45.Ndxc6 Nxc6 46.Nxc6 gxf5 47.exf5 Nd5+ 48.Kf3 Ne7 49.Nxe7 Rxe7 50.c6 Rc7
51.Rc1 Ke7 52.Re1+ Kd6 53.Re6+ Kd5 54.Rxf6 Ke5 55.Rh6 Kxf5 56.Ke3 Ke5 57.Kf3 Rf7+
58.Kg3 Rg7+ 59.Kf3 Rf7+ 60.Ke3 Rc7  1/2-1/2

[Event "Verbandsliga S9495 Baden"]
[Site "Germany"]
[Date "1995.??.??"]
[Round "?"]
[White "Mathonia, Claude"]
[Black "Ernst, Rolf"]
[Result "1-0"]
[WhiteElo "2215"]
[BlackElo "2230"]

1.d4 e6 2.c4 Nf6 3.Nf3 Bb4+ 4.Bd2 Qe7 5.g3 b6 6.Bg2 Bb7 7.O-O Bxd2 8.Nbxd2 O-O
9.Qc2 d6 10.e4 e5 11.Rfe1 Nbd7 12.Rad1 g6 13.Nb1 Rfe8 14.Nc3 Qf8 15.Nb5 Rec8
16.dxe5 dxe5 17.Bh3 Bc6 18.Nc3 Qc5 19.Nd5 Bxd5 20.Bxd7 Rd8 21.exd5 Rxd7 22.Nxe5 Re7
23.Qc3 Qd6 24.b4 Rae8 25.c5 bxc5 26.bxc5 Qa6 27.d6 Re6 28.d7 Rd8 29.c6 Qa4
30.Qb3 Qa5 31.f4 Ng4 32.Qd5 Qb6+ 33.Qd4 Qa5 34.Nd3 Nf6 35.Rxe6 fxe6 36.Re1 Qf5
37.Qe3 Kg7  1-0

[Event "Landesliga N9495 Bayern"]
[Site "Germany"]
[Date "1995.??.??"]
[Round "1"]
[White "Sinkovics, Peter"]
[Black "Chloupek, Stanislav"]
[Result "1/2-1/2"]
[WhiteElo "2410"]
[BlackElo "2310"]

1.d4 Nf6 2.Nf3 e6 3.c4 Bb4+ 4.Bd2 Qe7 5.g3 Nc6 6.Bg2 Bxd2+ 7.Nbxd2 d6 8.O-O O-O
9.e4 e5 10.d5 Nb8 11.Ne1 a5 12.Nd3 Na6 13.Nb1 c6 14.Nc3 Bd7 15.dxc6 bxc6
16.Qd2 Be6 17.b3 Nb4 18.Rfd1 Rfd8 19.a3 Nxd3 20.Qxd3 h5 21.b4 Qa7 22.Rab1 h4
23.b5 Rac8 24.b6 Qa6 25.b7 Rb8 26.c5 Qxd3 27.Rxd3 Rd7 28.cxd6 Rdxb7 29.Rxb7 Rxb7
30.Bf1 Nd7 31.gxh4 f6 32.Na4 Rb1 33.Rc3 Rd1 34.Rd3 Rc1 35.Rc3 Rd1 36.Rd3 Re1
37.Rc3 Rxe4 38.Nb2 Rd4 39.Bg2 Rxd6 40.Bxc6 Rd2 41.Nc4 Rd1+ 42.Kg2 Bd5+ 43.Bxd5+ Rxd5
44.Rb3 Kf7 45.Rb7 Ke6 46.Ra7 Rd4 47.Ra6+ Kf7 48.Nxa5 Rxh4 49.Nb3 Rc4 50.a4 Rb4
51.Nd2 Nc5 52.Ra7+ Kg6 53.a5 Ne4 54.Nxe4 Rxe4 55.a6 Ra4 56.Ra8 Ra3 57.Ra7 Ra2
58.Kf3 Ra3+ 59.Ke2 Ra2+ 60.Kd3 Ra3+ 61.Ke2 Ra2+ 62.Kf1 Ra1+ 63.Kg2 Ra2 64.Ra8 Ra3
65.h4 Kh7 66.h5 Kh6 67.a7 Kh7 68.Kf1 Ra2 69.Ke1 e4 70.Kd1 f5 71.Kc1 f4 72.Kb1 Ra6
73.Kc2 e3 74.fxe3 fxe3 75.Kd3 Ra3+ 76.Ke2 Ra2+ 77.Kxe3 Ra3+ 78.Kd4 Ra1 79.Kc3 Ra3+
80.Kb2 Ra4 81.Kb3 Ra1 82.Kc4 Ra4+ 83.Kc5 Ra1 84.Kb4 Ra2 85.Kb3 Ra1  1/2-1/2

[Event "Goetzis"]
[Site "Goetzis"]
[Date "1995.??.??"]
[Round "5"]
[White "Schmidlechner, Alexander"]
[Black "Thoma, Robert"]
[Result "1/2-1/2"]
[WhiteElo "2000"]
[BlackElo "2305"]

1.d4 Nf6 2.c4 e6 3.Nf3 Bb4+ 4.Bd2 Bxd2+ 5.Nbxd2 O-O 6.e3 d6 7.Bd3 Qe7 8.Qc2 e5
9.O-O Nbd7 10.Ng5 h6 11.Nge4 Nxe4  1/2-1/2

[Event "Graz op"]
[Site "Graz"]
[Date "1995.??.??"]
[Round "3"]
[White "Raffalt, Manfred"]
[Black "Dizdar, Goran"]
[Result "0-1"]
[WhiteElo "2235"]
[BlackElo "2535"]

1.d4 Nf6 2.c4 e6 3.Nf3 Bb4+ 4.Bd2 c5 5.g3 Qb6 6.Bg2 Nc6 7.O-O cxd4 8.Bc1 Be7
9.Nbd2 d6 10.Nb3 e5 11.e3 dxe3 12.Bxe3 Qc7 13.Nfd2 Be6 14.Rc1 O-O 15.Ne4 Ng4
16.Bd2 Qd7 17.Bg5 f6 18.Bd2 f5 19.Ng5 Bxg5 20.Bxg5 f4 21.Bd5 Kh8 22.h3 Nf6
23.Bxe6 Qxe6 24.Kg2 Ne4 25.Bh4 g5 26.Qd3 f3+ 27.Kh2 Qg6 28.Rce1 Nxg3  0-1

[Event "Wch U16"]
[Site "Guarapuava"]
[Date "1995.??.??"]
[Round "1"]
[White "Zamora, Jorge"]
[Black "Roser, Kevin"]
[Result "1-0"]
[WhiteElo "2385"]
[BlackElo "2145"]

1.Nf3 Nf6 2.c4 e6 3.d4 Bb4+ 4.Bd2 Qe7 5.g3 Nc6 6.Bg2 Bxd2+ 7.Qxd2 Ne4 8.Qc2 Qb4+
9.Kf1 f5 10.a3 Qe7 11.Nc3 Nxc3 12.Qxc3 a5 13.d5 Nd8 14.dxe6 Nxe6 15.Nd4 Nxd4
16.Qxd4 d6 17.Bf3 O-O 18.e3 a4 19.Qc3 Qf6 20.Rc1 Qxc3 21.Bd5+ Kh8 22.Rxc3 Ra5
23.Kg2 Bd7 24.Bxb7 c6 25.b4 Ra7 26.Bxc6 Bxc6+ 27.f3 g5 28.Rd1 g4 29.Rxd6 Bxf3+
30.Kf2 Rc7 31.c5 Rfc8 32.Rcd3 Bc6 33.Rf6 Kg7 34.Rdd6 Be4 35.Rfe6 Kf8 36.Ke2 Rc6
37.Rf6+ Kg7 38.Kd2 R6c7 39.Kc3 Bb7 40.Rxf5 Re7 41.Rg5+ Kf8 42.Rf6+ Ke8 43.Rg8+ Kd7
44.Rxg4 Rxe3+ 45.Kd4 Rce8 46.Rg7+ Kc8 47.c6 Ba8 48.Ra7 Kb8 49.Rxa4 Kc7 50.Ra7+ Kb6
51.Rxa8 R8e4+ 52.Kd5 Re5+ 53.Kd6 R5e4 54.Rb8+ Ka7 55.Rb7+ Ka6 56.Rxh7  1-0

[Event "Wch U16"]
[Site "Guarapuava"]
[Date "1995.??.??"]
[Round "6"]
[White "Sorkin, Igor"]
[Black "Roser, Kevin"]
[Result "0-1"]
[WhiteElo "2265"]
[BlackElo "2145"]

1.d4 Nf6 2.c4 e6 3.Nf3 Bb4+ 4.Bd2 Qe7 5.g3 Nc6 6.Nc3 Bxc3 7.Bxc3 Ne4 8.Qc2 Nxc3
9.Qxc3 Qb4 10.Rc1 Qxc3+ 11.Rxc3 d6 12.Bg2 a5 13.O-O O-O 14.e3 e5 15.d5 Nb4
16.a3 Na6 17.b3 Bd7 18.Nd2 f5 19.f4 e4 20.Rb1 b5 21.cxb5 Bxb5 22.g4 Bd3 23.Rbc1 g6
24.gxf5 gxf5 25.Bh3 Rab8 26.a4 Kg7 27.Kf2 Kf6 28.Rc6 Rb7 29.Bf1 Bxf1 30.Kxf1 Ra8
31.Ke2 Raa7 32.R6c4 Nc5 33.R4c3 Rb8 34.Rb1 Rg8 35.Kf1 Nd3 36.Rc4 Nb4 37.Rd4 Nc2
38.Nxe4+ fxe4 39.Rxe4 Nb4 40.Rd1 Kf7 41.Rc4 Na6 42.e4 Re8 43.Re1 Nb4 44.Rec1 Re7
45.R1c3 Rb7 46.Rf3 Rb8 47.Rfc3 Rb7 48.Rf3 Ke8 49.Rg3 Kf8 50.Rf3 Rb8 51.Rfc3 Na6
52.Rc6 Ra8 53.R3c4 Rf7 54.f5 Ke7  0-1

[Event "Wch U16"]
[Site "Guarapuava"]
[Date "1995.??.??"]
[Round "8"]
[White "Cvek, Robert"]
[Black "Roser, Kevin"]
[Result "1-0"]
[WhiteElo "2285"]
[BlackElo "2145"]

1.d4 Nf6 2.c4 e6 3.Nf3 Bb4+ 4.Bd2 Qe7 5.g3 Nc6 6.Bg2 Bxd2+ 7.Nbxd2 d6 8.O-O a5
9.e4 e5 10.d5 Nb8 11.Ne1 h5 12.h3 h4 13.g4 O-O 14.Nd3 Na6 15.f4 exf4 16.Rxf4 Bd7
17.Qe1 Rad8 18.a3 a4 19.Qf2 Bc8 20.Rf1 Nh7 21.Re1 f6 22.Rf3 g5 23.Rfe3 b6
24.Nf3 Nc5 25.Nxc5 bxc5 26.Bf1 Bd7 27.b4 axb3 28.Rxb3 Ra8 29.Qb2 Ba4 30.Rb7 Rfc8
31.Bd3 Nf8 32.e5 dxe5 33.Nd2 Ra6 34.Ne4 Nd7 35.Qf2 Kg7 36.Qf5 Qf7 37.Rf1 Kh6
38.Nxg5 Qe7 39.Qg6+  1-0

[Event "Wch U16"]
[Site "Guarapuava"]
[Date "1995.??.??"]
[Round "10"]
[White "Johannessen, Leif Erlend"]
[Black "Parligras, Mircea"]
[Result "1-0"]
[WhiteElo "2205"]
[BlackElo "2290"]

1.d4 Nf6 2.c4 e6 3.Nf3 Bb4+ 4.Bd2 c5 5.Bxb4 cxb4 6.a3 bxa3 7.Rxa3 O-O 8.Nc3 d5
9.e3 b6 10.Bd3 Bb7 11.O-O Nc6 12.cxd5 exd5 13.Ne5 Nxe5 14.dxe5 Ne4 15.Qg4 f5
16.exf6 Qxf6 17.f3 Nc5 18.Bc2 a5 19.Rd1 Rad8 20.b4 axb4 21.Qxb4 Qg5 22.Ne2 Rd6
23.Rd4 Rfd8 24.Ng3 Bc8 25.Qd2 h5 26.Ne2 Ne6 27.Rdd3 Nc5 28.Rd4 Ne6 29.f4 Qf6
30.Rb4 Nc5 31.Qd4 Bf5 32.Qxf6 Rxf6 33.Bxf5 Rxf5 34.Ng3 Rf6 35.Nxh5 Rfd6 36.Ng3 d4
37.Nf5 Rf6 38.Nxd4 Rb8 39.g4 g6 40.Kg2 Rb7 41.Kf3 Rf8 42.Rc3 Na6 43.Rb5 Rf6
44.Rc6 Rxc6 45.Nxc6 Nc7 46.Rg5 Kh7 47.Re5 b5 48.Re7+ Kg8 49.Nb4 Kf8 50.Nd5 b4
51.Rxc7 Rxc7 52.Nxc7 b3 53.Nb5 b2 54.Nc3  1-0

[Event "Gyongyos op "]
[Site "Gyongyos"]
[Date "1995.??.??"]
[Round "?"]
[White "Kopjonkin, Gennady"]
[Black "Volosin, Vladimir"]
[Result "0-1"]
[WhiteElo "2395"]
[BlackElo "2290"]

1.d4 Nf6 2.c4 e6 3.Nf3 Bb4+ 4.Bd2 Bxd2+ 5.Qxd2 d5 6.g3 O-O 7.Bg2 Ne4 8.Qc2 Nd7
9.O-O c6 10.Nfd2 f5 11.e3 Qg5 12.Qb3 Ndf6 13.f3 Nxd2 14.Nxd2 Qh6 15.f4 Bd7
16.Nf3 Rab8 17.Rac1 Be8 18.Qa3 Bh5 19.Rc2 Bxf3 20.Bxf3 a6 21.b4 dxc4 22.Rxc4 Nd5
23.Rc2 Qf6 24.Qb3 g5 25.a4 gxf4 26.gxf4 Kh8 27.b5 axb5 28.axb5 Rg8+ 29.Kh1 Qh4
30.Bg2 Rbf8 31.bxc6 bxc6 32.Bxd5 cxd5 33.Qa3 Qh3 34.Rcf2 Rf7 35.Re1 Rfg7
36.Qd6 Qxe3  0-1